000 01057cam a22002175a 4500
001 L138057
008 070515e2005 xxk f 100 0 eng d
035 _a(Sirsi) u138057
041 0 _aeng
100 1 _aElbing, Clemens
245 0 0 _aRisk management for public private partnership projects and project portfolios from an investors perspective
_h[electronic resource]
260 _c2005
490 0 _aCOBRA
_v2005
520 _aDiscusses structured methods and tools for risk management over the lifecycle of PPP projects and project portfolios. Discusses the identification, assessment, analysis, allocation, monitoring and control of risks as cyclic process over the whole lifecycle.
651 4 _aInternational
690 _aProject management
_96261
700 1 _aAlfen, Hans Wilhelm
711 2 _aConstruction and Building Research Conference
_cUniversity of Queensland, Brisbane
_d4-5 July 2005
856 4 0 _uhttps://www.rics.org/site/scripts/download_info.aspx?downloadID=2565
_zView the item free of charge at www.rics.org...
942 _n0
999 _c106989
_d106989